[Event "Titled Tue 24th Jun Late"]
[Site "chess.com INT"]
[Date "2025.06.24"]
[Round "2"]
[White "Tang, Dylan"]
[Black "Lazavik, Denis"]
[Result "0-1"]
[WhiteTitle "FM"]
[BlackTitle "GM"]
[WhiteElo "2236"]
[BlackElo "2580"]
[WhiteFideId "30972531"]
[BlackFideId "13515110"]
[EventDate "2025.06.24"]

1. e4 e6 2. d4 d5 3. Nd2 c5 4. exd5 Qxd5 5. Ngf3 cxd4 6. Bc4 Qd7 7. O-O Nf6 8.
Nb3 Nc6 9. Nbxd4 Nxd4 10. Nxd4 a6 11. c3 Qc7 12. Bd3 Bd6 13. h3 O-O 14. Bg5 Nd5
15. Qc2 h6 16. Bd2 b6 17. Rfe1 Bb7 18. a3 Rad8 19. Rad1 Bc5 20. Nb3 Be7 21. Be4
b5 22. Nd4 Bf6 23. Nf3 Nb6 24. Bxb7 Qxb7 25. Be3 Nc4 26. Bd4 Bxd4 27. Nxd4 Rd5
28. Nf3 Rfd8 29. Rxd5 Qxd5 30. a4 bxa4 31. Qxa4 Nxb2 32. Qxa6 Qc5 33. Rc1 Nd3
34. Rc2 Nb4 35. Qa3 Rd1+ 36. Kh2 Qc7+ 37. g3 Nxc2 38. Qa8+ Rd8 0-1

[Event "Titled Tue 24th Jun Late"]
[Site "chess.com INT"]
[Date "2025.06.24"]
[Round "2"]
[White "Khoo-Thwe, Louis"]
[Black "Petersson, Kjell"]
[Result "1-0"]
[WhiteTitle "CM"]
[BlackTitle "CM"]
[WhiteElo "2214"]
[BlackElo "2068"]
[WhiteFideId "1538756"]
[BlackFideId "1705148"]
[EventDate "2025.06.24"]

1. e4 c5 2. Nf3 d6 3. Nc3 g6 4. d4 cxd4 5. Qxd4 Nf6 6. e5 Nc6 7. Bb5 Ng4 8. exd6
e5 9. Nxe5 Bg7 10. Nxc6 Bxd4 11. Nxd8+ Kxd8 12. O-O Be6 13. h3 Ne5 14. Bg5+ Kc8
15. Rad1 Bxc3 16. bxc3 Bxh3 17. Bf6 1-0

[Event "Titled Tue 24th Jun Late"]
[Site "chess.com INT"]
[Date "2025.06.24"]
[Round "2"]
[White "Ibarra Jerez, Jose Carlos"]
[Black "Raptis, Nick"]
[Result "0-1"]
[WhiteTitle "GM"]
[BlackTitle "FM"]
[WhiteElo "2545"]
[BlackElo "2220"]
[WhiteFideId "2226332"]
[BlackFideId "2016850"]
[EventDate "2025.06.24"]

1. e4 e6 2. d4 d5 3. Nc3 Nf6 4. Bg5 Be7 5. e5 Nfd7 6. Bxe7 Qxe7 7. Qg4 f5 8.
exf6 Nxf6 9. Qh4 O-O 10. Bd3 h6 11. O-O-O c5 12. dxc5 Qxc5 13. Nf3 Nc6 14. Rhe1
Bd7 15. Kb1 Rac8 16. g4 d4 17. Ne4 Nxe4 18. Bxe4 Nb4 19. g5 Ba4 20. Nxd4 Nxc2
21. gxh6 Nxd4 22. hxg7 Bc2+ 23. Ka1 Nb3+ 24. axb3 Qa5# 0-1

[Event "Titled Tue 24th Jun Late"]
[Site "chess.com INT"]
[Date "2025.06.24"]
[Round "2"]
[White "Rao, Anjaneya Sripathy"]
[Black "Vlassis, Georgios"]
[Result "1-0"]
[WhiteTitle "CM"]
[BlackTitle "FM"]
[WhiteElo "2217"]
[BlackElo "2005"]
[WhiteFideId "30954770"]
[BlackFideId "4203399"]
[EventDate "2025.06.24"]

1. e4 c5 2. Nf3 e6 3. c4 Nc6 4. d4 cxd4 5. Nxd4 a6 6. Nc3 Qc7 7. Be3 g6 8. Be2
Bg7 9. O-O Nge7 10. Rc1 Qb8 11. Na4 b5 12. Nxc6 Nxc6 13. Nb6 Bxb2 14. Rb1 Bg7
15. Nxa8 Qxa8 16. cxb5 axb5 17. Bc5 Qxa2 18. Bxb5 1-0

[Event "Titled Tue 24th Jun Late"]
[Site "chess.com INT"]
[Date "2025.06.24"]
[Round "2"]
[White "Barria, Jose"]
[Black "Schuster, Karsten"]
[Result "1-0"]
[WhiteTitle "FM"]
[BlackTitle "FM"]
[WhiteElo "2371"]
[BlackElo "2266"]
[WhiteFideId "1939300"]
[BlackFideId "4611071"]
[EventDate "2025.06.24"]

1. d4 d5 2. c4 c6 3. Nc3 Nf6 4. Nf3 a6 5. c5 Nbd7 6. Bf4 g6 7. h4 Bg7 8. e3 Nf8
9. Be2 Nh5 10. Be5 f6 11. Bh2 e5 12. dxe5 fxe5 13. Bxe5 Bxe5 14. Nxe5 Qe7 15.
Nd3 Nf6 16. h5 Bf5 17. hxg6 Bxg6 18. Nf4 Bf7 19. Qd4 Ne6 20. Nxe6 Qxe6 21. Rh6
Bg6 22. Qf4 O-O-O 23. Na4 b5 24. cxb6 Rd7 25. Bxa6+ Kd8 26. Qb8+ Ke7 27. Qxh8 d4
28. Nc5 Qe5 29. Qg7+ Ke8 30. Nxd7 Qa5+ 31. Kf1 Qxa6+ 32. Kg1 Nxd7 33. exd4 Qe2
34. b7 Kd8 35. Qxd7+ Kxd7 36. b8=Q Qd2 37. Rxg6 hxg6 38. Qe5 1-0

[Event "Titled Tue 24th Jun Late"]
[Site "chess.com INT"]
[Date "2025.06.24"]
[Round "2"]
[White "Hoeffer, David"]
[Black "Lysyj, Igor"]
[Result "0-1"]
[WhiteTitle "FM"]
[BlackTitle "GM"]
[WhiteElo "2295"]
[BlackElo "2582"]
[WhiteFideId "24606766"]
[BlackFideId "4150120"]
[EventDate "2025.06.24"]

1. d4 d5 2. Nc3 Nf6 3. Bf4 c5 4. e4 Nxe4 5. Nxe4 dxe4 6. dxc5 Qa5+ 7. c3 Qxc5 8.
Qa4+ Nc6 9. Qxe4 g6 10. Nf3 Bg7 11. Rd1 Bf5 12. Qa4 Qb6 13. Bb5 O-O 14. Be3 Qc7
15. O-O a6 16. Be2 Rfd8 17. Qh4 Rxd1 18. Rxd1 Rd8 19. Re1 Ne5 20. Nd4 Bd3 21.
Bf4 Bxe2 22. Rxe2 Qc5 23. h3 Bf6 24. Qg3 Nc6 25. Nf3 Qc4 26. Rd2 Rxd2 27. Nxd2
Qxa2 28. Ne4 Qb1+ 0-1

[Event "Titled Tue 24th Jun Late"]
[Site "chess.com INT"]
[Date "2025.06.24"]
[Round "2"]
[White "Szpar, Milosz"]
[Black "Ismagilov, Damir"]
[Result "1-0"]
[WhiteTitle "IM"]
[BlackTitle "CM"]
[WhiteElo "2495"]
[BlackElo "2173"]
[WhiteFideId "1184989"]
[BlackFideId "34199982"]
[EventDate "2025.06.24"]

1. e4 e5 2. Nf3 Nc6 3. Bb5 a6 4. Ba4 Nf6 5. O-O Be7 6. d3 b5 7. Bb3 d6 8. a4 Bd7
9. Bd2 b4 10. a5 O-O 11. h3 h6 12. Be3 Rb8 13. Nbd2 Qc8 14. Nc4 Be6 15. Re1 Re8
16. Ba4 Bd7 17. Nfd2 Bf8 18. Bb3 Ne7 19. d4 Ng6 20. Qf3 c5 21. dxc5 dxc5 22.
Bxh6 Be6 23. Bg5 Nh7 24. Be3 Qc6 25. Ba4 Rb5 26. Qg3 Bxc4 27. Nxc4 Qxe4 28. Qg4
Qxg4 29. hxg4 Nf6 30. Bxb5 axb5 31. Nb6 Nxg4 32. a6 1-0

[Event "Titled Tue 24th Jun Late"]
[Site "chess.com INT"]
[Date "2025.06.24"]
[Round "2"]
[White "Pullela, Sricharan"]
[Black "Alfonso Durban, Xavier"]
[Result "1-0"]
[BlackTitle "CM"]
[WhiteElo "2144"]
[BlackElo "2189"]
[WhiteFideId "30951089"]
[BlackFideId "2271532"]
[EventDate "2025.06.24"]

1. Nf3 Nf6 2. g3 g6 3. Bg2 Bg7 4. O-O O-O 5. d3 c5 6. c4 d6 7. Nc3 Nc6 8. Bd2
Bg4 9. a3 Rb8 10. Rb1 a6 11. b4 cxb4 12. axb4 b5 13. cxb5 axb5 14. h3 Bd7 15. e3
Qb6 16. d4 Rfc8 17. Qe2 Be6 18. Rfc1 Bc4 19. Qd1 Ra8 20. Bf1 Bxf1 21. Qxf1 Rcb8
22. d5 Ne5 23. Nxe5 dxe5 24. e4 Ne8 25. Be3 Qa6 26. Bc5 Nd6 27. Ra1 Qb7 28. Rxa8
Qxa8 29. Bxd6 exd6 30. Nxb5 Qa6 31. Nc7 Qxf1+ 32. Kxf1 Rxb4 33. Ne8 Rxe4 34. Rc8
f5 35. Nxd6+ Bf8 36. Nxe4 fxe4 37. d6 1-0

[Event "Titled Tue 24th Jun Late"]
[Site "chess.com INT"]
[Date "2025.06.24"]
[Round "2"]
[White "Petrenko, Maryna"]
[Black "Ersoz, Teoman Guney"]
[Result "0-1"]
[WhiteTitle "WFM"]
[BlackTitle "CM"]
[WhiteElo "2062"]
[BlackElo "2052"]
[WhiteFideId "14197820"]
[BlackFideId "44537050"]
[EventDate "2025.06.24"]

1. d4 Nf6 2. c4 d6 3. g3 e5 4. Nf3 Nbd7 5. Bg2 Be7 6. Kf1 O-O 7. Nc3 c6 8. e4
exd4 9. Nxd4 Ne5 10. Qe2 Re8 11. f4 Ng6 12. h3 Bf8 13. Qf2 d5 14. e5 Ne4 15.
Nxe4 dxe4 16. Bxe4 Bc5 17. Be3 f6 18. Bxg6 hxg6 19. Nxc6 Bxe3 20. Nxd8 Bxf2 21.
Kxf2 Rxd8 22. Rhd1 Be6 23. b3 Kf7 24. Rd6 Rxd6 25. exd6 Bxh3 26. Re1 Be6 27. c5
Rc8 28. b4 b6 29. Rc1 bxc5 30. bxc5 Rc6 31. a3 Ke8 32. Ke3 Kd7 33. Kd4 Ra6 34.
Rb1 Ra4+ 35. Kc3 Rxa3+ 36. Kb4 Rxg3 37. Kb5 Rb3+ 0-1

[Event "Titled Tue 24th Jun Late"]
[Site "chess.com INT"]
[Date "2025.06.24"]
[Round "2"]
[White "Livaic, Leon"]
[Black "Mecit, Emre"]
[Result "1-0"]
[WhiteTitle "GM"]
[WhiteElo "2550"]
[BlackElo "2007"]
[WhiteFideId "14531534"]
[BlackFideId "6304214"]
[EventDate "2025.06.24"]

1. d4 Nf6 2. c4 c5 3. d5 e6 4. Nc3 exd5 5. cxd5 d6 6. e4 g6 7. f4 Bg7 8. Bb5+
Nfd7 9. Nf3 O-O 10. O-O a6 11. Bd3 b5 12. Qe1 Re8 13. Qg3 c4 14. Bc2 Nc5 15. f5
b4 16. Na4 Nxe4 17. Bxe4 Rxe4 18. Ng5 Bxf5 19. Rxf5 gxf5 20. Nxe4 fxe4 21. Bh6
Qf6 22. Bxg7 Qxg7 23. Qxd6 f5 24. Nb6 Qd4+ 25. Kh1 e3 26. Nxa8 Qe4 27. Qxb8+ Kg7
28. Qg3+ Kf7 29. Re1 f4 30. Qf3 Qd4 31. Rf1 Ke7 32. Qxf4 e2 33. Qf8+ Kd7 34.
Rf7# 1-0

[Event "Titled Tue 24th Jun Late"]
[Site "chess.com INT"]
[Date "2025.06.24"]
[Round "2"]
[White "Plat, Vojtech"]
[Black "Sethuraman, Roshan"]
[Result "1-0"]
[WhiteTitle "GM"]
[WhiteElo "2497"]
[BlackElo "2074"]
[WhiteFideId "325740"]
[BlackFideId "30965250"]
[EventDate "2025.06.24"]

1. e4 c5 2. Nf3 d6 3. c3 Nf6 4. Bc4 Nbd7 5. Qe2 e6 6. O-O a6 7. Bb3 Be7 8. d4
cxd4 9. cxd4 O-O 10. e5 Ne8 11. Nc3 d5 12. Bf4 b5 13. a3 Nb6 14. Bc2 g6 15. Bd3
Ng7 16. Rac1 Re8 17. Nd1 Bb7 18. Ne3 Rc8 19. Ng4 Qd7 20. Nf6+ Bxf6 21. exf6 Nf5
22. Ne5 Qd8 23. Bxf5 exf5 24. Bg5 Nd7 25. Rxc8 Bxc8 26. Qe3 Nxf6 27. h3 Qd6 28.
Rc1 Ne4 29. Rc6 Qb8 30. f3 Nxg5 31. Qxg5 Qb7 32. Rc5 Be6 33. b4 Qe7 34. Qxe7
Rxe7 35. Rc6 Ra7 36. Rc5 f6 37. Nd3 Kf7 38. Kf2 Ke7 39. Rc6 Bd7 40. Rb6 Bc8 41.
Nf4 Rd7 42. h4 g5 43. Nh5 Rd6 44. Rxd6 Kxd6 45. Nxf6 h6 46. hxg5 hxg5 47. Nh7 g4
48. fxg4 fxg4 49. Kg3 Ke6 50. Kxg4 Kf7+ 51. Kg5 Kg7 52. Nf6 Be6 53. g3 Kf7 54.
Nh5 Ke7 55. Nf4 Bf7 56. Kf5 Kd6 57. Kf6 Be8 58. g4 Bc6 59. g5 1-0

[Event "Titled Tue 24th Jun Late"]
[Site "chess.com INT"]
[Date "2025.06.24"]
[Round "2"]
[White "Jumabayev, Rinat"]
[Black "Wu, Derek"]
[Result "1-0"]
[WhiteTitle "GM"]
[BlackTitle "FM"]
[WhiteElo "2546"]
[BlackElo "2232"]
[WhiteFideId "13702661"]
[BlackFideId "30914558"]
[EventDate "2025.06.24"]

1. e4 c5 2. Nf3 Nc6 3. Nc3 e5 4. Bc4 Be7 5. d3 d6 6. Nd5 Nf6 7. c3 O-O 8. a4 Nd7
9. h4 Nb6 10. Ba2 Bg4 11. Ne3 Be6 12. Bxe6 fxe6 13. a5 Nd7 14. Qb3 Kf7 15. Qxb7
Nxa5 16. Qb5 1-0

[Event "Titled Tue 24th Jun Late"]
[Site "chess.com INT"]
[Date "2025.06.24"]
[Round "2"]
[White "Korchynskyi, Mykola"]
[Black "Guha, Eshan"]
[Result "1-0"]
[WhiteTitle "FM"]
[WhiteElo "2335"]
[BlackElo "2071"]
[WhiteFideId "34138005"]
[BlackFideId "30958628"]
[EventDate "2025.06.24"]

1. d4 Nf6 2. c4 c5 3. e3 cxd4 4. exd4 d5 5. Nc3 Nc6 6. Nf3 a6 7. cxd5 Nxd5 8.
Bc4 Be6 9. Bb3 Nxc3 10. bxc3 Bd5 11. O-O e6 12. Be3 Ba3 13. c4 Bxf3 14. Qxf3 O-O
15. Rad1 Qf6 16. Qg3 Na5 17. d5 Nxb3 18. axb3 exd5 19. Rxd5 Bb2 20. Rd6 Be5 21.
Rxf6 Bxg3 22. Rb6 Be5 23. Rxb7 Rfb8 24. Rxb8+ Rxb8 25. Rb1 Kf8 26. b4 Ke8 27. g3
Kd7 28. Kg2 Kc6 29. Kf3 f5 30. Ke2 Bc3 31. b5+ axb5 32. cxb5+ Kd5 33. Kd3 Be5
34. b6 h6 35. Rb5+ 1-0

[Event "Titled Tue 24th Jun Late"]
[Site "chess.com INT"]
[Date "2025.06.24"]
[Round "2"]
[White "Myagmarsuren, Evsuld"]
[Black "Winkels, Marcel"]
[Result "1-0"]
[WhiteTitle "FM"]
[BlackTitle "CM"]
[WhiteElo "2292"]
[BlackElo "1905"]
[WhiteFideId "1551639"]
[BlackFideId "1003887"]
[EventDate "2025.06.24"]

1. e4 d6 2. d4 Nf6 3. Nc3 g6 4. Nf3 Bg7 5. g3 O-O 6. Bg2 c6 7. O-O Nbd7 8. h3 e5
9. Be3 b5 10. b4 a6 11. a4 Bb7 12. a5 Re8 13. dxe5 dxe5 14. Nd2 Qc7 15. Nb3 Rad8
16. Qe2 Nf8 17. Bb6 Qe7 18. Bxd8 Rxd8 19. Nc5 Bc8 20. Rad1 Be6 21. Rxd8 Qxd8 22.
Rd1 Qe7 23. Nxa6 Bc4 24. Qe3 N8d7 25. Nc5 Bf8 26. Nxd7 Nxd7 27. a6 Nb6 28. Qxb6
Qxb4 29. a7 Qa3 30. Rd8 Qa1+ 31. Kh2 Kg7 32. a8=Q Qxc3 33. Rxf8 Qd2 34. Rg8+ Kh6
35. Qf8+ Kh5 36. Qbd8 Qxf2 37. Qh4# 1-0

[Event "Titled Tue 24th Jun Late"]
[Site "chess.com INT"]
[Date "2025.06.24"]
[Round "2"]
[White "Carnicelli, Valerio"]
[Black "Kozak, Adam"]
[Result "0-1"]
[WhiteTitle "FM"]
[BlackTitle "GM"]
[WhiteElo "2396"]
[BlackElo "2587"]
[WhiteFideId "856185"]
[BlackFideId "753246"]
[EventDate "2025.06.24"]

1. e4 h6 2. d4 a6 3. Nc3 b5 4. a3 Bb7 5. f4 e6 6. Nf3 Nf6 7. Bd3 c5 8. dxc5 Bxc5
9. Qe2 Qb6 10. b4 Be7 11. Bb2 Nc6 12. O-O-O a5 13. e5 axb4 14. axb4 Nh5 15. Bxb5
Bxb4 16. Qc4 Bxc3 17. Bxc3 O-O 18. Bxc6 Qe3+ 19. Rd2 Bxc6 20. Nd4 Nxf4 21. Nxc6
Ne2+ 22. Qxe2 Qxc3 23. Ne7+ Kh8 0-1

[Event "Titled Tue 24th Jun Late"]
[Site "chess.com INT"]
[Date "2025.06.24"]
[Round "2"]
[White "Haug, Havard"]
[Black "Mujumdar, Sameer"]
[Result "0-1"]
[WhiteTitle "FM"]
[WhiteElo "2354"]
[BlackElo "2043"]
[WhiteFideId "1547887"]
[BlackFideId "2029707"]
[EventDate "2025.06.24"]

1. b4 a5 2. b5 c6 3. bxc6 Nxc6 4. e4 Nf6 5. Nc3 d5 6. exd5 Nxd5 7. Nxd5 Qxd5 8.
Nf3 Bg4 9. Be2 Bxf3 10. Bxf3 Qe5+ 11. Kf1 Qxa1 12. c3 Qxa2 13. g3 g6 14. Qe2 Bg7
15. Qb5 Qe6 16. Qxb7 Rc8 17. Bd5 Qxd5 18. Qxc8+ Nd8 19. Rg1 O-O 20. d4 Nc6 21.
Qb7 Rb8 22. Qa6 Rb1 23. Ke2 Qe6+ 24. Kd2 Bh6+ 25. f4 Ra1 26. Re1 Ra2+ 0-1

[Event "Titled Tue 24th Jun Late"]
[Site "chess.com INT"]
[Date "2025.06.24"]
[Round "2"]
[White "Sailer, Mike"]
[Black "Fikiet, Alex"]
[Result "0-1"]
[WhiteElo "2108"]
[BlackElo "2151"]
[WhiteFideId "2012901"]
[BlackFideId "2052717"]
[EventDate "2025.06.24"]

1. d4 Nf6 2. Nf3 e6 3. e3 d5 4. Bd3 b6 5. b3 c5 6. Bb2 Bb7 7. O-O Nc6 8. Nbd2
Be7 9. a3 O-O 10. Ne5 Qc7 11. f4 Bd6 12. Rf3 Ne7 13. Rh3 Ne4 14. Qh5 h6 15. Bxe4
dxe4 16. Ndc4 cxd4 17. Bxd4 Bc5 18. Rg3 Bxd4 19. exd4 Nf5 20. Rh3 f6 21. Ng4
Qxf4 22. Rf1 Qg5 23. Qxg5 hxg5 24. c3 Rac8 25. a4 Ba6 26. Nge3 Nxe3 27. Rxe3
Bxc4 28. bxc4 f5 29. a5 bxa5 30. Ra1 Rxc4 31. Rxa5 Rfc8 32. Rxa7 Rxc3 33. Rxc3
Rxc3 34. Re7 e3 35. Rxe6 Rc1# 0-1

[Event "Titled Tue 24th Jun Late"]
[Site "chess.com INT"]
[Date "2025.06.24"]
[Round "2"]
[White "Barseghyan, Armen Ar."]
[Black "Brancaleoni, Maurizio"]
[Result "1-0"]
[WhiteTitle "IM"]
[BlackTitle "FM"]
[WhiteElo "2348"]
[BlackElo "2185"]
[WhiteFideId "13306707"]
[BlackFideId "803022"]
[EventDate "2025.06.24"]

1. Nf3 c5 2. c4 g6 3. Nc3 Bg7 4. g3 Nc6 5. Bg2 d6 6. O-O Bf5 7. d3 Qd7 8. Re1
Bh3 9. Bh1 h5 10. e3 h4 11. d4 hxg3 12. fxg3 Bg4 13. d5 Ne5 14. Nxe5 Bxe5 15.
Qc2 Nf6 16. e4 Bd4+ 17. Be3 Bxe3+ 18. Rxe3 Bh3 19. Bf3 Bg4 20. Bg2 Bh3 21. Bf3
Bg4 22. Rf1 Bxf3 23. e5 Ng4 24. e6 fxe6 25. dxe6 Qc6 26. Qxg6+ Kd8 27. Rexf3 Ne5
28. Rf8+ Kc7 29. Qg7 Raxf8 30. Rxf8 Rxf8 31. Nd5+ Kb8 32. Qxf8+ Qc8 33. Qxc8+
Kxc8 34. Nxe7+ Kd8 35. Nf5 Nf3+ 36. Kg2 1-0

[Event "Titled Tue 24th Jun Late"]
[Site "chess.com INT"]
[Date "2025.06.24"]
[Round "2"]
[White "Da Silva Borges, Rodrigo"]
[Black "Senft, Sean"]
[Result "0-1"]
[WhiteElo "2169"]
[BlackElo "2039"]
[WhiteFideId "2115778"]
[BlackFideId "2044960"]
[EventDate "2025.06.24"]

1. e4 c5 2. Nf3 d6 3. d4 cxd4 4. Nxd4 Nf6 5. Nc3 a6 6. Nb3 Nc6 7. Be3 e5 8. Qd2
Be6 9. O-O-O Be7 10. f4 O-O 11. f5 Bxb3 12. axb3 Ng4 13. Kb1 Nxe3 14. Qxe3 Rc8
15. Nd5 Bg5 16. Qf2 Qa5 17. h4 Bd8 18. f6 Bxf6 19. Nxf6+ gxf6 20. Rh3 Qd8 21.
Rf3 Nd4 22. Rxf6 Rxc2 23. Qg3+ Kh8 24. Rxd4 Qxf6 25. Rd1 Qf2 26. Qxf2 Rxf2 27.
Bc4 Rd8 28. g4 Rf4 29. Bd5 Rxg4 30. Bxb7 Rxh4 31. Bxa6 Rxe4 32. Bc4 f5 0-1

[Event "Titled Tue 24th Jun Late"]
[Site "chess.com INT"]
[Date "2025.06.24"]
[Round "2"]
[White "Injac, Teodora"]
[Black "Hobson, Kenneth"]
[Result "1-0"]
[WhiteTitle "IM"]
[BlackTitle "FM"]
[WhiteElo "2457"]
[BlackElo "2361"]
[WhiteFideId "932400"]
[BlackFideId "480819"]
[EventDate "2025.06.24"]

1. d4 d5 2. Nf3 Nf6 3. e3 e6 4. Bd3 c5 5. b3 Nc6 6. O-O cxd4 7. exd4 Bd6 8. Bb2
O-O 9. a3 Nd7 10. Nbd2 e5 11. dxe5 Ndxe5 12. Nxe5 Bxe5 13. Bxe5 Nxe5 14. Bxh7+
Kxh7 15. Qh5+ Kg8 16. Qxe5 Be6 17. Nf3 Rc8 18. Nd4 Qf6 19. Rfe1 Qxe5 20. Rxe5
Rfe8 21. Rae1 Kf8 22. f4 g6 23. h3 Rc3 24. Kf2 a5 25. R1e3 Rec8 26. Rxc3 Rxc3
27. Re3 Rc7 28. g4 Bd7 29. Re5 Bc6 30. g5 b6 31. h4 Bb7 32. f5 a4 33. fxg6 axb3
34. cxb3 Rc3 35. Rf5 Bc8 36. Rxf7+ Kg8 37. h5 Bg4 38. h6 Rd3 39. h7+ Kh8 40.
Rf8+ Kg7 41. h8=Q+ Kxg6 42. Qh6# 1-0

[Event "Titled Tue 24th Jun Late"]
[Site "chess.com INT"]
[Date "2025.06.24"]
[Round "2"]
[White "Ghimoyan, Narek"]
[Black "Buchenau, Frank"]
[Result "1-0"]
[WhiteTitle "CM"]
[BlackTitle "FM"]
[WhiteElo "2273"]
[BlackElo "2205"]
[WhiteFideId "13315412"]
[BlackFideId "4604350"]
[EventDate "2025.06.24"]

1. d4 e6 2. c4 Nf6 3. Nf3 b6 4. g3 Bb7 5. Bg2 Be7 6. O-O O-O 7. d5 exd5 8. Nh4
c6 9. cxd5 Nxd5 10. Nf5 Bf6 11. e4 Nc7 12. Nc3 d5 13. exd5 Nxd5 14. Nxd5 cxd5
15. Qg4 Nc6 16. Bf4 Nd4 17. Nd6 Ba6 18. Rfe1 Nc2 19. Bxd5 Nxa1 20. Rxa1 Rc8 21.
Rd1 Rc2 22. Bf3 Qe7 23. Nf5 Qc5 24. Be3 Qc4 25. Nd4 Bxd4 26. Bxd4 Bc8 27. Qxg7# 1-0

[Event "Titled Tue 24th Jun Late"]
[Site "chess.com INT"]
[Date "2025.06.24"]
[Round "2"]
[White "Esipenko, Andrey"]
[Black "Ponizil, Cyril"]
[Result "1-0"]
[WhiteTitle "GM"]
[BlackTitle "IM"]
[WhiteElo "2689"]
[BlackElo "2450"]
[WhiteFideId "24175439"]
[BlackFideId "322202"]
[EventDate "2025.06.24"]

1. d4 Nf6 2. Nf3 g6 3. g3 Bg7 4. Bg2 O-O 5. O-O d5 6. Bf4 c6 7. Qc1 Re8 8. c4
Na6 9. Rd1 Bf5 10. Nc3 dxc4 11. Ne5 Nd5 12. Bh6 Nxc3 13. bxc3 Bxe5 14. dxe5 Qc8
15. Qf4 Be6 16. h4 Nc7 17. e4 Nb5 18. Rac1 Rd8 19. Rxd8+ Qxd8 20. h5 Qc7 21. Qg5
Rd8 22. f4 Qb6+ 23. Kh2 Qc5 24. f5 Qxe5 25. Qxe7 Rc8 26. Bf4 Qg7 27. fxe6 1-0

[Event "Titled Tue 24th Jun Late"]
[Site "chess.com INT"]
[Date "2025.06.24"]
[Round "2"]
[White "Araujo Filho, Luiz Antonio Coel"]
[Black "Mammadov, Sadig"]
[Result "1-0"]
[BlackTitle "IM"]
[WhiteElo "2077"]
[BlackElo "2395"]
[WhiteFideId "2130661"]
[BlackFideId "13408712"]
[EventDate "2025.06.24"]

1. d4 Nf6 2. Nf3 b6 3. e3 Bb7 4. Bd3 e6 5. Nbd2 c5 6. Qe2 Nc6 7. c3 Be7 8. O-O
O-O 9. a3 Rc8 10. e4 d6 11. e5 dxe5 12. dxe5 Nd5 13. Ne4 Rc7 14. c4 f5 15. cxd5
fxe4 16. Qxe4 g6 17. dxc6 Bxc6 18. Qe2 Bxf3 19. gxf3 Bh4 20. Bh6 Rff7 21. Rad1
Rcd7 22. Bc4 Rfe7 23. Rxd7 Qxd7 24. Rd1 Qe8 25. Qe3 g5 26. Qe4 Rf7 27. Rd6 Re7
28. Qg4 Qg6 29. Rd8+ Kf7 30. Rf8# 1-0

[Event "Titled Tue 24th Jun Late"]
[Site "chess.com INT"]
[Date "2025.06.24"]
[Round "2"]
[White "Kharitonov, Sergei"]
[Black "Palczert, Matyas"]
[Result "0-1"]
[WhiteTitle "CM"]
[BlackTitle "FM"]
[WhiteElo "2014"]
[BlackElo "2396"]
[WhiteFideId "4129750"]
[BlackFideId "784958"]
[EventDate "2025.06.24"]

1. e4 e5 2. Nf3 Nc6 3. Bb5 Nge7 4. O-O Ng6 5. d4 exd4 6. Nxd4 Bc5 7. Nf5 O-O 8.
Be3 Bxe3 9. Nxe3 a6 10. Bxc6 bxc6 11. c4 d6 12. Nc3 a5 13. b3 Qg5 14. Kh1 Re8
15. g3 Qf6 16. Rc1 Bh3 17. Ng2 Ne5 18. f4 Ng4 19. Qf3 Qh6 20. Rc2 Nxh2 21. Qd3
Nxf1 22. Qxf1 f5 23. Kg1 fxe4 24. Qe1 Bg4 25. Ne3 Bf3 0-1

[Event "Titled Tue 24th Jun Late"]
[Site "chess.com INT"]
[Date "2025.06.24"]
[Round "2"]
[White "Slovineanu, Viacheslav"]
[Black "Sitnic, Adnan"]
[Result "1-0"]
[WhiteTitle "IM"]
[BlackTitle "CM"]
[WhiteElo "2412"]
[BlackElo "2058"]
[WhiteFideId "13900510"]
[BlackFideId "14403854"]
[EventDate "2025.06.24"]

1. d4 Nf6 2. Nf3 e6 3. c4 b6 4. e3 Ba6 5. Bd3 d5 6. b3 Bb4+ 7. Nbd2 O-O 8. O-O
c5 9. Bb2 dxc4 10. bxc4 cxd4 11. exd4 Be7 12. Rc1 Nc6 13. Re1 Rc8 14. Qa4 Na5
15. Ne5 Qe8 16. Qc2 Nd7 17. Bxh7+ Kh8 18. Bd3 Nxe5 19. Rxe5 g6 20. d5 Bf6 21.
Re3 Bxb2 22. Qxb2+ Kg8 23. Ne4 f5 24. Nf6+ Rxf6 25. Qxf6 Qf7 26. Qg5 exd5 27.
Re7 Bxc4 28. Rxf7 Kxf7 29. Bxc4 Nxc4 30. Re1 Rc7 31. h4 Nd2 32. h5 Ne4 33. Qxg6+
Kf8 34. Qxf5+ Rf7 35. Qxd5 Nxf2 36. Qxf7+ Kxf7 37. Kxf2 1-0

[Event "Titled Tue 24th Jun Late"]
[Site "chess.com INT"]
[Date "2025.06.24"]
[Round "2"]
[White "Mayaud, Raphael"]
[Black "Duarte Cramer, Lily Jeanette"]
[Result "0-1"]
[WhiteTitle "CM"]
[BlackTitle "WCM"]
[WhiteElo "2126"]
[BlackElo "1828"]
[WhiteFideId "627151"]
[BlackFideId "29620180"]
[EventDate "2025.06.24"]

1. d4 d5 2. c4 c6 3. Nf3 Nf6 4. Nc3 e6 5. Bg5 h6 6. Bxf6 Qxf6 7. Qc2 Nd7 8. e3
Bd6 9. Bd3 dxc4 10. Bxc4 Kf8 11. Ne4 Qe7 12. O-O-O Nb6 13. Be2 Nd5 14. Kb1 Bd7
15. Nxd6 Qxd6 16. Rc1 b5 17. Qc5 Qxc5 18. Rxc5 Ke7 19. Ne5 Rhc8 20. Rhc1 Nb4 21.
a3 Na6 22. Nxc6+ Kd6 23. Ne5 Nxc5 24. Bf3 Nb3 25. Nxf7+ Ke7 26. Rd1 Kxf7 27.
Bxa8 Rxa8 28. Ka2 Na5 29. b3 Rc8 30. Kb2 Bc6 31. f3 Bd5 32. b4 Nc4+ 33. Kc3
Nxe3+ 0-1

[Event "Titled Tue 24th Jun Late"]
[Site "chess.com INT"]
[Date "2025.06.24"]
[Round "2"]
[White "Goldbeck, Lars"]
[Black "Tica, Sven"]
[Result "0-1"]
[WhiteTitle "FM"]
[BlackTitle "IM"]
[WhiteElo "2391"]
[BlackElo "2442"]
[WhiteFideId "16208188"]
[BlackFideId "14526948"]
[EventDate "2025.06.24"]

1. e4 g6 2. d4 Bg7 3. Nf3 c6 4. Nc3 d5 5. Bd3 dxe4 6. Nxe4 Nf6 7. Nxf6+ exf6 8.
c3 O-O 9. O-O a5 10. Bf4 Na6 11. Re1 Nc7 12. a4 Nd5 13. Bg3 Be6 14. Nd2 Re8 15.
Ne4 b6 16. Qd2 Bf8 17. Bh4 Bg7 18. Rad1 h6 19. Bb1 g5 20. Bg3 f5 21. Nd6 f4 22.
Nxe8 Qxe8 23. c4 Nb4 24. Bxf4 gxf4 25. Qxf4 Qd8 26. Qe4 Qg5 27. Re3 Rd8 28. Rg3
Qf6 29. Qh7+ Kf8 30. Rf3 Rxd4 31. Re1 Qe5 32. Rc1 Rxc4 33. Rf1 Rg4 34. h3 Rg5
35. Re3 Qd5 36. Rfe1 Qxg2# 0-1